Мистерии (Запис номер 75708)
[ съкратено ]
| 000 -Лидер | |
|---|---|
| Контролно поле с фиксирана дължина | 01260nam a2200325 c 4500 |
| 003 - Код на организацията, давaща контролен номер | |
| Контролно поле | BLK |
| 005 - Дата и час на последна редакция | |
| Контролно поле | 20250512155809.0 |
| 008 - Елементи от данни с фиксирана дължина | |
| fixed length control field | 180408b bul|||||r ||||||| ||bul|| |
| 010 ## - Наследен системен номер | |
| LC control number | KNG00080128000 |
| 040 ## - Източник на каталожния запис | |
| Идентификатор на билиотеката - собственик на записа | BLK |
| 041 ## - Код за език | |
| Код за езика на текст/звукозапис или на отделно заглавие | Български |
| Код за езика КДБФ | Български |
| 080 ## - УДК | |
| Текстов определител УДК | Американска литература (на САЩ) |
| УДК код - определител по УДК | 821.111(73) |
| УДК определител | -32 |
| УДК - код + определител | 821.111(73)-32 |
| 139 ## - Редно поле | |
| Редна дума | Мистерии |
| Авторски знак | Мис - М 69 |
| 245 10 - Сведения за заглавието | |
| Заглавие | Мистерии |
| Подзаглавни данни | Разкази |
| Редно поле (дума) | представя Алфред Хичкок; прев. от англ. Богомил Пеев; състав. Иглика Василева. |
| 257 ## - Страна на издаване | |
| Страна на създаване/издаване | Съединени американски щати |
| 260 ## - Област на издателските данни | |
| -- | София |
| Име на издателя, разпространителя и проч. | Зодиак-ВН |
| Година на издаване | 1992 |
| 300 ## - Физическа характеристика | |
| Страници | 327 с. |
| Размери/Мащаб | 20 см |
| 380 ## - Жанр | |
| Жанр | Худож. лит. |
| 500 ## - Общи забележки | |
| Забележка | Прев. е от Alfred Hitchcock's Mistery Magazine. - Офс. изд. - 20 000 тир. |
| 653 ## - Ключова дума – ненормативна | |
| Ключова дума | разкази |
| 700 1# - Други автори (авторска отговорност) | |
| Лично име | Хичкок, Алфред |
| Автороска отговорност (Описва отношението между автора и произведението) | представя |
| 9 (RLIN) | 370685 |
| 700 1# - Други автори (авторска отговорност) | |
| Лично име | Пеев, Богомил |
| Автороска отговорност (Описва отношението между автора и произведението) | прев. от англ. |
| 9 (RLIN) | 371800 |
| 700 1# - Други автори (авторска отговорност) | |
| Лично име | Василева, Иглика |
| Автороска отговорност (Описва отношението между автора и произведението) | състав. |
| 9 (RLIN) | 363502 |
| 852 ## - Местоположение | |
| Форматна сигнатура | Цб 167795 |
| 856 4# - Електронен адрес и достъп | |
| Електронен формат | pdf - файл |
| Път до файла /url/ | |
| 856 4# - Електронен адрес и достъп | |
| Електронен формат | pdf - файл |
| Път до файла /url/ | |
| 942 ## - АРТИКУЛИ | |
| Вид на библиотечния материал | Книги |
| Скрит в OPAC | Не |
| Koha issues (borrowed), all copies | 1 |
| 944 ## - СЪЗДАВАНЕ И РЕДАКЦИЯ на ЗАПИСА | |
| Създаване/Редакция | Създаване |
| Дата на регистрацията/редакция | 01.11.2011 |
| Статус, дата на статуса | Русанова Ирена |
| Служител, извършил регистрацията/редакцията | 30542 |
| 944 ## - СЪЗДАВАНЕ И РЕДАКЦИЯ на ЗАПИСА | |
| Създаване/Редакция | Редакция |
| Дата на регистрацията/редакция | 24.11.2011 |
| Статус, дата на статуса | ф / |
| Служител, извършил регистрацията/редакцията | |
| 999 ## - СИСТЕМНИ КОНТРОЛНИ НОМЕРА | |
| Koha biblionumber | 75708 |
| Koha biblioitemnumber | 75708 |
| Код за отписване | Код за изгубен артикул | Източник на класификационната схема | Код за повреда | Коз за рестрикции | Код за отдаване | Артикулен № | Име на библиотеката - собственик | Име на библиотеката, в която се намира в момента | Статус (Текущо местоположение) | Дата на вписване в системата | Местоположение - отдел | Цена в лева | Инвентарен номер | Систематично азбучна сигнатура | Баркод | Номер на екземпляра | Цена в евро | Служебна бележка | Служебен тип на артикула |
|---|---|---|---|---|---|---|---|---|---|---|---|---|---|---|---|---|---|---|---|
| Не е изгубен | Universal Decimal Classification | Не е повреден | без рестрикции | заемане за дома | 122927 | Регионална библиотека "Любен Каравелов" Русе | Регионална библиотека "Любен Каравелов" Русе | Заемна - подръчен фонд | 2011-10-28 | Заемна - подръчен фонд | 4.50 | 120000754005 | П 821-32/М 69 | 120000754005 | 1 | 2.30 | Дост: DA Вид: А N: 18 Дата: 28.10.2011 Дата инв: 13.02.2018 Бележки инв: П2018 | Книги | |
| Не е изгубен | Universal Decimal Classification | Не е повреден | без рестрикции | ползва се в читалня | 122928 | Регионална библиотека "Любен Каравелов" Русе | Регионална библиотека "Любен Каравелов" Русе | Хранилище | 1992-01-01 | Хранилище | 20.00 | 568151 | Цб 167795 | 120000568151 | 2 | 10.23 | Дост: Dp Вид: Д N: стар фонд Дата: 01.01.1992 | Книги | |
| Изтеглен | Не е изгубен | Universal Decimal Classification | Не е повреден | без рестрикции | заемане за дома | 122929 | Регионална библиотека "Любен Каравелов" Русе | Регионална библиотека "Любен Каравелов" Русе | Заемна - подръчен фонд | 1992-01-01 | Заемна - подръчен фонд | 20.00 | 566626 | П 820(73)-32/М 69 | 566626 | 3 | 10.23 | Дост: Pk Вид: Ф N: стар фонд Дата: 01.01.1992 | Книги |
| Изтеглен | Не е изгубен | Universal Decimal Classification | Не е повреден | без рестрикции | заемане за дома | 122930 | Регионална библиотека "Любен Каравелов" Русе | Регионална библиотека "Любен Каравелов" Русе | Заемна - подръчен фонд | 1992-01-01 | Заемна - подръчен фонд | 20.00 | 566623 | П 820(73)-32/М 69 | 566623 | 4 | 10.23 | Дост: Pk Вид: Ф N: стар фонд Дата: 01.01.1992 | Книги |